Statistics for Hollow Knight Areas

Click here to take the quiz!

General Stats

  • This quiz has been taken 314 times
  • The average score is 13 of 16

Answer Stats

HintPlace% Correct
placegreenpath
97%
PlaceDirtmouth
92%
placeThe Forgotten crossroads
92%
placecity of tears
91%
placedeepnest
87%
placefungal wastes
87%
placecrystal peak
86%
placekingdoms edge
83%
placefog canyon
79%
placequeens gardens
78%
placeroyal waterways
78%
placethe hive
78%
placehowling cliffs
77%
placeancient basin
76%
Placethe abyss
74%
placeresting grounds
70%

Score Distribution

Percentile by Number Answered

Percent of People with Each Score

Your Score History

You have not taken this quiz